[Event "Olympiad-35"]
[Site "Bled"]
[Date "2002.11.06"]
[Round "11.3"]
[White "Dautov, Rustem"]
[Black "Morozevich, Alexander"]
[Result "1/2-1/2"]
[WhiteElo "2617"]
[BlackElo "2707"]
[Annotator "Dautov,R"]
[PlyCount "180"]
[EventDate "2002.10.26"]
[EventType "team-swiss"]
[EventRounds "14"]
[EventCountry "SLO"]
[SourceTitle "CBM 092"]
[Source "ChessBase"]
[SourceDate "2003.02.06"]
[SourceVersion "1"]
[SourceVersionDate "2003.02.06"]
[SourceQuality "1"]
[WhiteTeam "Germany"]
[BlackTeam "Russia"]
[WhiteTeamCountry "GER"]
[BlackTeamCountry "RUS"]

1. d4 d5 2. c4 c6 3. Nf3 Nf6 4. Nc3 a6 5. a4 e6 6. Bg5 Nbd7 7. a5 dxc4 (7...
Bb4 8. Qa4 Be7 $11) 8. e3 $146 (8. e4 h6 9. Bxf6 Nxf6 10. Qa4 Bd7 11. Ne5 c5
12. Nxd7 Qxd7 13. d5 Qxa4 14. Rxa4 exd5 15. Nxd5 Nxd5 16. exd5 O-O-O 17. Bxc4
Bd6 18. O-O Rhe8 $15 {Gelfand,B-Kasparov,G/Moscow 2002}) 8... h6 (8... b5 $5 9.
axb6 Qxb6 $132) 9. Bxf6 (9. Bh4 $5) 9... Nxf6 10. Bxc4 Bb4 11. Qa4 Qe7 12. O-O
O-O 13. Ne5 Bd6 (13... c5 $2 14. Na2 $16) 14. Nd3 {Nach der Eröffnung konnte
ich mir einige Hoffnungen auf einen Minivorteil machen.} c5 {Wahrscheinlich
hatte Alexander eine Order bekommmen, solide zu spielen. Der Textzug
vereinfacht die Stellung, gleicht aber nicht vollständig aus.} (14... Bd7 15.
Qb3 Rab8 16. Rfd1 $14) ({Ich rechnete in erster Linie mit dem scharfen Ausfall
} 14... Ng4 $5 15. h3 Qh4 16. Rfd1 (16. Qd1 e5 $1) 16... Bh2+ 17. Kf1 (17. Kh1
Bc7 18. Rd2 Rd8 $11) 17... Nf6 $13) 15. dxc5 Bxc5 16. Nxc5 Qxc5 17. Be2 (17.
Bd3 $5 Bd7 18. Ne4 $14) 17... Bd7 18. Ne4 $1 Bxa4 19. Nxc5 Bc6 20. Rfc1 $1 $14
{/\Na6} Rfc8 (20... Rfd8 $5 21. b4 (21. Nxa6 Rd2 22. Bf1 Rxb2 $11) 21... Rd2
22. Bf1 $14 {/\Na6}) 21. f3 Kf8 22. e4 Ke7 23. Kf2 {Das entstandene Endspiel
ist für einen aktiven Spieler wie Morozevich sicherlich unangenehm zu spielen.
Schwarz ist zur Passivität verurteilt, während Weiß seine Stellung nach und
nach verbessern kann.} Nd7 24. Ke3 Nxc5 25. Rxc5 Bd7 26. Rac1 Rxc5 27. Rxc5 b6
$5 {Alexander nutzt die erste Möglichkeit, um sein Spiel etwas zu befreien.} ({
Eine andere Verteidigungsidee war} 27... Kd6 28. Kd4 Bc6 $1 {/\Rd8} (28... Rc8
$4 29. e5+ Ke7 30. Rxc8 Bxc8 31. Kc5 $18) 29. e5+ Kc7 30. b4 Rd8+ 31. Ke3 $14)
28. axb6 Rb8 29. Kd4 Rxb6 30. Kc3 {><a6} f6 $2 {Er sollte das Eindringen des
weißen Turmes nicht erlauben. Nach diesem Fehler wird die schwarze Stellung
sofort kritisch.} (30... Kd6 $1 31. b4 (31. Ra5 Bc8 32. e5+ Kc7 $14) 31... f6
32. f4 $14) 31. Rc7 $16 {/\Ra7} a5 32. Ra7 Rc6+ (32... a4 33. Bd1 $16) 33. Bc4
Rc5 34. Kd4 Rh5 {Auf diese Weise rettet Schwarz zwar den Bauern a5, befördert
aber seinen Turm langfristig ins Abseits.} 35. h3 {צh5} Kd6 36. Ra6+ Ke7 37.
b3 g6 {Ungefähr hier begann die für die neue FIDE-Zeitkontrolle typische
permanente Zeitnot, die Gegner hatten mindestens 30 Sekunden, maximal aber 3-4
Minuten für einen Zug. Anhand der Partie kann man sehen, wie konstant schlecht
die Partienqualität dabei wird.} (37... Rg5 $2 38. g4 $18 {/\f4}) 38. Be2 $5 {
/\f4} (38. Ra8 $1) 38... Bb5 $1 39. Ra7+ Kd6 40. Bc4 $1 (40. g4 $2 Rc5 41. Rxa5
e5+ 42. Ke3 Bxe2 43. Rxc5 Kxc5 44. Kxe2 Kb4 $11) 40... Bd7 (40... Bxc4 $2 41.
bxc4 $18) 41. Ra6+ Ke7 42. Ra8 $1 {><g6 Der richtige Plan, Weiß will den
Bauern g6 angreifen.} Kd6 43. Rg8 a4 $1 {Die beste praktische Chance,
Morozevich aktiviert endlich seinen schlafenden Turm.} (43... e5+ $2 44. Kc3
Rg5 45. g4 $18) 44. bxa4 (44. Rxg6 a3 45. b4 Rg5 46. Rxg5 hxg5 47. Kc3 Ba4 $16)
({Besser war} 44. b4 $1 $18 {, wonach der schwarze Turm im Käfig bliebe.})
44... Ra5 45. Rxg6 Rxa4 46. Kc3 $2 {Dieser Fehler blieb zum Glück ungestraft.
Richtig war 46.Rxf6, wonach Weiß vier Bauern für seinen Läufer bekam, mit
einer technisch gewonnenen Stellung.} (46. Rxf6 $1 Bb5 47. Rxe6+ Kd7 48. Rxh6
Bxc4 49. Ke3 $18) 46... Ke5 $2 ({Deutlich besser war das Spiel gegen den
weißen König:} 46... Kc5 $1 47. Bb3 Ra3 48. Kb2 Kb4 49. Bc2 Re3 50. Rxf6 Re2
$16) 47. Rxh6 f5 (47... Ra3+ 48. Kb2 $18) 48. exf5 exf5 {Schwarz hegt die
Hoffnung, sich durch das Spiel gegen den rückständigen Bauern g2 zu retten.}
49. Rh7 $2 {Es war sehr wichtig, das Eindringen des schwarzen Königs auf f4
mit 49.g3! zu vermeiden.} (49. g3 $1 {><f4} Ra3+ 50. Bb3 Ra1 51. Rh7 Bc6 52.
Re7+ Kd6 53. Re6+ Kc7 54. f4 $18) 49... Bc6 50. Rc7 Ba8 51. Bb3 Ra1 52. Bc2 Rg1
53. Re7+ Kf4 54. Re2 Bc6 {Morozevich hat durch mein unsicheres Spiel viel
erreicht, sieht sich aber nicht (besser gesagt, hat keine Zeit zu sehen), daß
er das remisliche Endspiel T gegen T+L erreichen kann.} (54... Bxf3 $1 55. gxf3
Rg3 56. h4 Rxf3+ 57. Kd4 Rh3 $11) 55. Bd3 (55. h4 Rh1 56. Re6 Bxf3 $1 57. gxf3
Kxf3 58. h5 Kf4 $11) 55... Bd7 $2 {Und erneut führte 55... Bxf3! zum Remis.} (
55... Kg3 56. Re6 Bb7 57. Rg6+ Kf2 58. Bxf5 Rxg2 59. Rxg2+ Kxg2 60. Be4 Bc8 61.
h4 $18) (55... Bxf3 $1 56. gxf3 Rg3 57. h4 (57. Rh2 Rxf3 58. h4 Kg3 59. Rh1 Kg2
$11) 57... Rxf3 58. h5 Rh3 59. Rf2+ Kg4 $11) 56. Re7 Bc6 57. Re2 Bd7 $2 58. h4
$1 $18 Bc6 (58... Rh1 59. Re7 Bc6 60. Rg7 Bxf3 61. gxf3 Kxf3 62. Rh7 Kg4 63.
Be2+ $18) 59. h5 Rh1 60. Re6 Bd7 61. Rd6 Be8 62. h6 Kg5 63. Rd5 $2 {Wesentlich
leichter gewann 63.g3!} (63. g3 $1 Rh3 64. f4+ Kg4 65. Be2+ Kxg3 66. Rd3+ $18)
63... Bg6 64. Bxf5 Bxf5 65. g4 Kxh6 66. Rxf5 Rd1 67. Kc4 {Dieses Endspiel ist
eigentlich kinderleicht gewonnen - wenn man nicht die ganze Zeit auf die Uhr
blicken muß.} Kg6 68. Rd5 Rf1 69. Rf5 Rd1 70. f4 Rd2 71. Rd5 Rf2 72. Rd6+ $2 ({
Viel leichter gewann} 72. Rg5+ Kh6 (72... Kf6 73. Rf5+ Kg6 74. Kd3 $18) 73. Rf5
Rd2 74. Rf6+ Kg7 75. g5 $18 {/\Kc5,f5 , und nach Kc4-c5 und f4-f5 wiederholt
Weiß den Vorgang eine Reihe tiefer.}) 72... Kf7 73. Rd4 Rg2 74. f5 Kf6 75. Kd3
$2 {Hier hat der König nichts zu suchen, angebracht war 75.Kd5!} (75. Kd5 $1
$18) 75... Kg5 76. Re4 Ra2 77. Kc4 Ra4+ $2 ({Ich weiß nicht, ob der Gewinn
nach dem Abschneiden 77...Ra5! noch möglich war.} 77... Ra5 $1 78. Kd4 Rb5 $11)
78. Kd5 Ra5+ 79. Ke6 Ra7 80. Rd4 Rb7 81. Rd5 Rb6+ 82. Ke7 ({Die Gewinnidee} 82.
Rd6 $1 Rb7 83. f6 Kg6 84. g5 $18 {/\Rd7 lag auf der Oberfläche.}) 82... Rb7+
83. Rd7 Rb6 84. Kf8 $4 $138 {Dieser wahnsinnige Zug brachte das deutsche Team
um den Ehrenpunkt gegen Rußland. Es war noch nicht zu spät für 84.Rd6!, auch
die Wiederholung einiger Züge im Sinne des Zeitansparens war nicht von der
Hand zu weisen.} (84. Kf7 $4 Kxg4 85. f6 Kg5 86. Rd5+ Kh6 $11) (84. Rd6 Rb7+
85. Ke6 $18 {/\e6}) 84... Kxg4 85. Rf7 Kg5 $11 86. Kg7 Rh6 87. Rf8 Rh3 88. Rf7
Rh6 89. Rf8 Rh3 90. f6 Rh6 1/2-1/2

[Event "FRA-chT Gp-B"]
[Site "France"]
[Date "2003.02.01"]
[Round "2.2"]
[White "Pinter, Jozsef"]
[Black "Dautov, Rustem"]
[Result "1/2-1/2"]
[WhiteElo "2562"]
[BlackElo "2604"]
[Annotator "Dautov,R"]
[PlyCount "106"]
[EventDate "2003.01.31"]
[EventType "team"]
[EventRounds "7"]
[EventCountry "FRA"]
[SourceTitle "CBM 094"]
[Source "ChessBase"]
[SourceDate "2003.05.26"]
[SourceVersion "1"]
[SourceVersionDate "2003.05.26"]
[SourceQuality "1"]
[WhiteTeam "Bischwiller"]
[BlackTeam "Mulhouse"]
[WhiteTeamCountry "FRA"]
[BlackTeamCountry "FRA"]

1. d4 Nf6 2. c4 c6 3. Nc3 d5 4. Nf3 a6 5. c5 Nbd7 6. Bf4 Nh5 7. e3 Nxf4 8. exf4
g6 9. Bd3 Qc7 10. g3 (10. Qd2) (10. Ne5 Bg7 11. O-O O-O 12. Re1 Nxe5 13. fxe5
f6 $11) 10... Bg7 11. O-O O-O 12. Re1 b6 $1 $146 {Schwarz braucht den Bauern
e7 nicht zu verteidigen und kann sein Gegenspiel auf dem Damenflügel
unmittelbar starten.} (12... Re8 13. Qc2 Nf8 14. f5 Bxf5 15. Bxf5 gxf5 16. Qxf5
Ng6 17. h4 e5 $11 {Ivanov,S-Tella,J/Stockholm 2000}) 13. cxb6 (13. Rxe7 $2 bxc5
14. dxc5 Bf6 15. Re1 Nxc5 $15) 13... Nxb6 {/\Bg4} 14. Ne5 c5 15. Rc1 c4 (15...
cxd4 16. Nxd5 Qb7 17. Nb4 $16 {/\Be4}) 16. Bf1 Qd6 ({In einer Nachfolgepartie
spielte Th.Luther sofort} 16... Bf5 $5 17. a4 ({mir gefiel} 17. b3 $5 {nicht.})
17... Qd6 18. a5 Nd7 19. g4 Be6 20. Bg2 Rab8 21. Nxd7 Bxd7 (21... Qxd7 $1) 22.
Nxd5 e6 23. Nb6 Bb5 24. Nxc4 Qxf4 25. Re4 Qc7 $44 {Pigott,J-Luther,T/Cappelle
la Grande 2003}) 17. Bg2 Rb8 18. Qe2 {Schwarz kam aus der Eröffnung mit einer
guten Stellung heraus - seine Bauernstruktur ist sehr solide, und das
Läuferpaar könnte bald aktiv werden. Um den Pd5 abzusichern sollte er in den
nächsten Zügen e7-e6 spielen. Es wäre zu schade, den Bc8 damit passiv werden
zu lassen...} Bf5 $1 {Richtig! Der Läufer gehört vor die Bauernkette. Zwar ist
seine Position unsicher, aber im Falle des g3-g4 kann er meistens nach d3
ziehen.} (18... e6 $6 19. h4 $36 {/\h5}) (18... f6 $6 19. Nf3 e6 20. h4 $36)
19. b3 e6 20. bxc4 (20. g4 Bd3 21. Qe3 Nd7 $11) 20... dxc4 21. Red1 Rfc8 22. d5
{Pinter setzte seine Hoffnungen auf diesen Bauernvorstoß. Ich habe mir aber
bereits früher eine gute Erwiderung zurechtgelegt.} Rc5 $1 {/\exd5} ({Auch
FRITZs Vorschlag 22...Qa3 ist nicht schlecht:} 22... Qa3 $5 23. Qe3 (23. d6 Bd3
24. Qe3 Qxd6 $15) (23. dxe6 Bxe6 $15) 23... Bxe5 (23... exd5 24. Nxd5 Qxe3 25.
Nxe3 Be6 26. Nc6 Rb7 27. Nd8 $14) 24. fxe5 exd5 25. Nxd5 Qxe3 26. Nxe3 $11) 23.
Nc6 (23. dxe6 Qxe6 24. Qe3 Qe7 $11) 23... Re8 ({In Frage kam der Zwischenzug} 
23... Bd3 $5) 24. dxe6 Qxe6 25. Qxe6 Bxe6 26. Ne5 $1 {Pinter hat die Gefahr
erkannt und steuert auf Remiskurs. In der Tat, das schwarze Läuferpaar wird
mit jedem Abtausch stärker, und der blockierte Freibauer c4 kann bald zu einer
großen Kraft werden. Nach dem guten Textzug hat es Schwarz allerdings nicht
leicht, diese Vorteile zur Geltung zu bringen.} Bxe5 {Bei meinen Berechnungen
übersah ich den starken 29. Zug von Weiß.} ({Mehr als ein Ausgleich ist für
Schwarz allerdings nicht in Sicht. Z.B,} 26... Ra5 $5 27. Rb1 (27. Rd6 $2 Nc8
28. Rc6 Na7 $15) 27... Nc8 (27... Ra3 28. Rxb6 Rxc3 29. Rxa6 Rc2 $11) 28. Bc6
Rf8 29. Bd5 Bxd5 30. Rxd5 Rxd5 31. Nxd5 Bxe5 32. fxe5 Rd8 33. Rb8 $11) 27. fxe5
Rxe5 28. Rd6 Bf5 29. Bb7 $1 {Nach dieser umsichtigen Antwort ist die Stellung
endgültig ausgeglichen. Allerdings begann hier die Zeitnotphase, in der ich
sehr unsauber spielte.} (29. Rxb6 $6 Re1+ 30. Rxe1 Rxe1+ 31. Bf1 Bd3 32. Rxa6
Rxf1+ 33. Kg2 Rc1 $15) 29... R5e6 30. Rxe6 Bxe6 31. Bxa6 Ra8 32. Bb7 Ra3 33.
Bc6 Kg7 $6 (33... Bd7 $11) (33... Kf8 $1) 34. f4 Nc8 $2 {Der Springer war
schon die ganze Zeit auf b6 schlecht platziert, aber gerade jetzt war nicht
der richtige Zeitpunkt, um für ihn einen besseren Posten zu suchen. Weiß droht
mit dem Königsmarsch nach c5, und es war an der Zeit, die Läufer abzutauschen.}
(34... Bd7 35. Bxd7 (35. Bg2 Na4 $11) 35... Nxd7 36. Kf2 Nb6 37. Rc2 Kf6 $11)
35. Kf2 Ne7 36. Be4 $14 h5 37. Ke3 Kf6 38. Kd4 h4 $2 $138 (38... Ra5 $1 $14)
39. gxh4 $2 $138 ({Nach dem naheliegenden} 39. Kc5 $1 hxg3 40. hxg3 $16 {
/\Kb4,a4 hätte ich meine nachlässige Endspielbehandlung bereuen müssen.}) 39...
Ra5 $1 40. a4 Nf5+ 41. Bxf5 Kxf5 $11 42. Ke3 Kg4 43. Rg1+ Kxh4 44. Rg3 Bd7 45.
Rg2 Kh3 46. Ra2 Kg4 47. Rg2+ Kh3 48. Rd2 Ra7 49. a5 Be6 50. Ra2 Rd7 51. Rd2 Ra7
52. Ra2 Rd7 53. Rd2 Ra7 1/2-1/2

[Event "EU-chT (Men) 15th"]
[Site "Gothenburg"]
[Date "2005.07.31"]
[Round "2.6"]
[White "Pert, Nicholas"]
[Black "Dautov, Rustem"]
[Result "1/2-1/2"]
[WhiteElo "2493"]
[BlackElo "2595"]
[Annotator "Dautov,R"]
[PlyCount "60"]
[EventDate "2005.07.30"]
[EventType "team-swiss"]
[EventRounds "9"]
[EventCountry "SWE"]
[SourceTitle "CBM 109"]
[Source "ChessBase"]
[SourceDate "2005.11.14"]
[SourceVersion "1"]
[SourceVersionDate "2005.11.14"]
[SourceQuality "1"]
[WhiteTeam "England"]
[BlackTeam "Germany"]
[WhiteTeamCountry "ENG"]
[BlackTeamCountry "GER"]

1. d4 d5 2. c4 c6 3. Nf3 Nf6 4. Nc3 a6 5. e3 b5 6. c5 g6 7. b4 {Dieser Zug
macht mehr Sinn, wenn Schwarz 6...Nbd7 spielt, nach 6...g6 ist er ziemlich
harmlos.} a5 8. bxa5 Qxa5 9. Bd2 b4 10. Nb1 Ne4 11. a3 Nxd2 12. Nfxd2 Qc7 $1
$146 {[%mdl 8] Eine logische Neuerung, die Dame zieht in Voraussicht von
Nd2-b3 weg und unterstüzt dabei den Vorstoß e7-e5.} (12... Ba6 $2 13. Nb3 Qa4
14. Bxa6 Rxa6 15. O-O Qb5 16. axb4 Bg7 17. Qd2 Rxa1 18. Nxa1 $16 {Peralta,F-De
la Riva Aguado,O /Andorra 2005}) (12... b3 $6 13. Qxb3 Nd7 14. Qc3 Qxc3 15.
Nxc3 e5 16. Nb3 exd4 17. exd4 Bg7 18. Kd2 Nf8 19. Bd3 Ne6 20. Ne2 Ra4 21. Kc3
Bd7 22. f4 Ke7 23. Rhe1 Rb8 24. g4 $14 {Khenkin,I-Motylev,A /Sochi 2005}) 13.
Nb3 (13. a4 e5 $11) 13... bxa3 14. Rxa3 (14. Nxa3 Qb7 15. Nc2 Rxa1 16. Ncxa1 e5
$11) 14... Rxa3 15. Nxa3 Qb7 $1 {Hier wollte ich bereits mehr als Ausgleich,
auf b4 findet die schwarze Dame eine hervorragende Angriffsposition.} (15... e5
$11) (15... Bg7 $11) 16. Nb1 e5 17. Bd3 Qb4+ 18. N1d2 Qc3 $2 {Ich habe das
entstehende Endspiel überschätzt, viel besser war das naheliegende 18...Bg7.} (
18... Bg7 $1 19. dxe5 (19. Qa1 exd4 20. exd4 Bh6 $1 $17) (19. O-O exd4 (19...
O-O 20. Qa1 Nd7 $15) 20. exd4 Bxd4 21. Nxd4 Qxd4 22. Re1+ Be6 23. Nb3 Qb4 24.
Nd4 O-O 25. Nxe6 fxe6 26. Rxe6 Qxc5 $17) 19... Nd7 20. O-O Nxe5 21. Be2 O-O 22.
Qc1 Bf5 $15) 19. Qc2 $11 Qxc2 20. Bxc2 exd4 (20... Na6 21. Na5 $14) (20... Ba6
$5 21. Nf3 e4 22. Nfd2 f5) 21. exd4 Ba6 $6 (21... Bg7 $1 22. Nf3 Kd8 $11) 22.
Kd1 $1 Bg7 23. Re1+ ({Besser war} 23. Nf3 $1 O-O (23... f6 24. Re1+ Kd7 25. h4
$14) 24. Re1 Bf6 25. Kd2 Bb5 26. Na5 $14) 23... Kd8 24. Nf3 Re8 $11 25. Rxe8+
Kxe8 26. Kd2 Bf1 {Das Läuferpaar spielt in dieser Stellung keine Rolle, da die
Bauernstruktur im Zentrum fixiert ist.} 27. g3 Kd8 28. Bd3 Bh6+ 29. Kc3 Bxd3
30. Kxd3 Nd7 (30... Nd7 31. Ne5 Nxe5+ 32. dxe5 Bg7 33. f4 Kd7 $11) 1/2-1/2

[Event "Olympiad-36"]
[Site "Mallorca"]
[Date "2004.10.25"]
[Round "10"]
[White "Damljanovic, Branko"]
[Black "Dautov, Rustem"]
[Result "1-0"]
[WhiteElo "2578"]
[BlackElo "2623"]
[Annotator "Dautov,R"]
[PlyCount "75"]
[EventDate "2004.10.15"]
[EventType "team-swiss"]
[EventRounds "14"]
[EventCountry "ESP"]
[SourceTitle "CBM 104"]
[Source "ChessBase"]
[SourceDate "2005.01.27"]
[SourceVersion "1"]
[SourceVersionDate "2005.01.27"]
[SourceQuality "1"]
[WhiteTeam "Yugoslavia"]
[BlackTeam "Germany"]
[WhiteTeamCountry "YUG"]
[BlackTeamCountry "GER"]

1. d4 d5 2. c4 c6 3. Nf3 Nf6 4. Nc3 a6 5. c5 Nbd7 6. Bf4 Nh5 7. Bd2 Nhf6 8. Qc2
g6 9. e4 {Eine seltene Variante, die jedoch nicht ohne Gift ist. Schwarz muß
seinen nächsten Zug genau überlegen.} dxe4 $6 {Eine Ungenauigkeit. Deutlich
besser ist 9...Nxe4!, und Schwarz hat einen bequemen Ausgleich.} (9... Nxe4 10.
Nxe4 dxe4 11. Ng5 (11. Qxe4 Nf6 12. Qh4 Bg7 $11) 11... Bg7 12. Bc4 O-O 13.
Bxf7+ $1 {Weiß muß das Unentschieden forcieren, etwas Besseres hat er nicht.} (
13. Qb3 $2 e6 14. Nxe4 Bxd4 15. O-O Nxc5 16. Nxc5 Bxc5 17. Bh6 Re8 18. Rad1 Qh4
$19 {Xu Jun-Malakhov,V/Moscow 2004}) (13. O-O Nf6 $15) 13... Rxf7 14. Ne6 Qe8
15. Nc7 Qd8 16. Ne6 Qe8 $11) 10. Ng5 $1 h6 $2 {Dies ist bereits ein Fehler,
Schwarz vergeudet ein wichtiges Tempo und schwächt dazu seine Bauernstruktur.}
({Richtig war} 10... Bg7 $1 11. Bc4 O-O (11... e6 12. O-O-O O-O 13. Ncxe4 Nxe4
14. Nxe4 $14) 12. Bxf7+ (12. O-O e5 $11) 12... Rxf7 13. Ne6 Qe8 14. Nc7 Qf8 15.
Nxa8 {Ich konnte dieses Qualitätsopfer nicht genau einschätzen. In Wirlichkeit
hat Schwarz eine starke Initiative, die den Materialverlust vollkommen
kompensiert.} (15. Ne6 {1/2-1/2 Mikhalevski,V-Najer,E/Philadelphia 2004}) 15...
e5 $1 16. Be3 Ng4 17. Nxe4 exd4 18. Bg5 d3 19. Qc4 h6 20. Bd2 Bxb2 21. Rb1 Nde5
$40) 11. Ngxe4 Bg7 12. Bc4 Nxe4 ({Das natürliche} 12... O-O $2 {geht bereits
nicht wegen der Schwäche g6.} 13. Nxf6+ Nxf6 14. Qxg6 Qxd4 15. Bxh6 Ne8 16. Bb3
Qxc5 17. Bxg7 Nxg7 18. O-O $16) 13. Nxe4 b5 $1 {Nach langem Nachdenken
entschied ich mich für diese Aktivierung auf dem Damenflügel, gefolgt vom
Abtausch der Springer. Bei der normalen Figurenentwicklung bleibt Schwarz
wegen seiner Bauernschwächen (b7,g6, h6) langfristig unter Druck.} (13... f5 $2
14. Ng3 Bxd4 15. Bc3 $40) (13... O-O 14. O-O $14 Kh7 (14... Re8 15. Qb3 $16)
15. Rad1 Nf6 16. Nxf6+ Bxf6 17. Be3 Bg7 18. Qb3 $16) (13... Nf6 14. Nxf6+ Bxf6
15. Qb3 $1 e6 16. Be3 $5 (16. Bc3 O-O 17. O-O $14) 16... Bxd4 17. O-O-O Bxe3+
18. Qxe3 Qf6 19. Rd6 $36) 14. Bb3 $1 (14. cxb6 $6 Nxb6 15. Ba5 O-O $11) 14...
Nf6 $2 {Der Springertausch geschieht zu früh. Energischer und besser war 14...
a5! Je nachdem Weiß reagiert, findet der Bc8 auf a6 oder f5 eine gute Position.
} (14... O-O 15. O-O Bb7 16. Rfe1 a5 17. a4 $14) (14... Nf8 15. Bc3 b4 $5 (
15... Be6 $2 16. d5 $18) (15... Ne6 16. Rd1 $14) 16. Bxb4 Ne6 17. Bxe6 Bxe6 18.
Bc3 O-O 19. O-O Qd5 20. Rfe1 $14) (14... a5 $1 15. a3 (15. a4 Ba6 16. axb5 (16.
Be3 bxa4 17. Bxa4 Qc7 $132) 16... Bxb5 17. Ba4 (17. Nc3 $5) 17... Bxd4 18. Bxb5
cxb5 19. Rd1 Qc8 $11) 15... Nf6 16. Nxf6+ Bxf6 17. Qe4 Ra6 18. Bc3 Bf5 $132)
15. Nxf6+ Bxf6 16. Qe4 $14 {An die Schwäche c6 gebunden, wird Schwarz kein
vollwertiges Gegenspiel entwickeln können.} Bb7 $2 {Zu passiv gespielt. Der
Läufer sollte auf f5 entwickelt oder sogar auf e6 abgetauscht werden.} (16...
Bd7 17. O-O Qc8 18. Rfe1 (18. Bf4 Be6 19. Be5 $14) 18... Bf5 19. Qf3 $16) (
16... Qc7 $1 17. Bf4 (17. Qf3 Bf5 18. g4 Be6 19. Bxe6 fxe6 $14) 17... Bf5 $1
18. Qe3 Qd7 (18... Qa5+ 19. Kf1 Rd8 20. Rd1 $14) 19. Be5 Bxe5 20. Qxe5 O-O 21.
O-O Rad8 22. Rad1 $14) 17. Be3 Qa5+ 18. Ke2 $16 {Der Rochadeverlust spielt
hier keine Rolle. Alle weißen Figuren sind aktiv, und vor allem der Bb3 ist
sehr stark. Als nächstes plant Weiß den Abtausch der besten gegnerischen Figur,
des Bf6, mit Bf4-e5.} Qb4 $2 {Ein weiterer Fehler, der den Untergang der
schwarzen Stellung beschleunigt. Das nutzlose Damenmanöver wird mich lediglich
einige Tempi kosten. Angezeigt war die Rückkehr der Dame.} (18... Qd8 19. Rhd1
Qd7 (19... e6 20. Bf4 $16) 20. a4 Kf8 21. axb5 axb5 22. Rxa8+ Bxa8 23. d5 cxd5
24. Bxd5 Bxd5 25. Rxd5 $16) 19. Rhd1 Rd8 20. Rd3 Kf8 21. Rad1 Qa5 (21... Kg7 $4
22. Bd2 Rxd4 23. Rxd4 Qxd4 24. Bxh6+ $18) 22. Bf4 Rd7 23. Be5 Qd8 (23... Kg7
24. Rg3 $1 Qd8 (24... Rg8 25. Kf1 $18 {/\Rg6}) 25. Bxf7 $1 Kxf7 26. Qxg6+ Kf8 (
26... Ke6 27. Bxf6 $18) 27. Bf4 e6 28. Bd6+ Rxd6 29. Rf3 $18) 24. d5 $1 $18 {
Dieser Durchbruch entscheidet die Partie.} (24. Rg3 $5) 24... cxd5 25. Bxd5
Bxd5 26. Rxd5 Rxd5 27. Rxd5 Qc8 28. c6 Kg7 (28... Bxe5 29. Qxe5 f6 30. Qe4 Kf7
31. Rd7 $18) 29. Rd7 Re8 30. Qd5 Bxe5 31. Qxe5+ Kg8 32. Qd5 e6 33. Qd6 e5 34.
c7 Kg7 35. Qd5 Rf8 36. Kf1 e4 37. Qe5+ Kg8 38. Qe7 1-0

[Event "Tilburg"]
[Site "Tilburg"]
[Date "1993.??.??"]
[Round "2"]
[White "Vaisser, Anatoli"]
[Black "Shabalov, Alexander"]
[Result "1/2-1/2"]
[WhiteElo "2580"]
[BlackElo "2590"]
[Annotator "Donev,I"]
[PlyCount "33"]
[EventDate "1993.11.??"]
[EventType "k.o."]
[EventRounds "7"]
[EventCountry "NED"]
[SourceTitle "CBM 039"]
[Source "ChessBase"]
[SourceDate "1994.04.01"]
[SourceVersion "1"]
[SourceVersionDate "1994.04.01"]
[SourceQuality "1"]

1. d4 d5 2. c4 c6 3. Nf3 Nf6 4. Nc3 a6 5. e3 b5 6. cxd5 cxd5 7. Ne5 e6 8. Bd3
Bd6 9. f4 Bb7 10. O-O Nbd7 11. Bd2 $146 (11. Qf3 b4 12. Na4 O-O 13. Qe2 Bxe5
14. fxe5 Ne4 $10 {Garcia Palermo,C-Rivas Pastor,M Benasque 1985}) 11... O-O 12.
Be1 (12. Rc1 Rc8 13. Qf3 Qe7 $10) 12... Ne4 (12... b4 13. Ne2 Rc8 14. Bh4 Qa5
15. Bxf6 Nxf6 16. Qd2 Rc7 $10) 13. a4 (13. Qf3 $5 Ndf6 (13... Nxc3 $142) 14.
Bh4 Nd2 $6 15. Qh3 $1 h6 16. Bxf6 Qxf6 (16... gxf6 17. Qxh6 f5 18. Rf2 $18 Ne4)
17. Rf2 Nc4 18. Nd7 $18) 13... b4 $10 (13... bxa4 14. Qxa4 Ndf6 15. Bh4 Nxc3
16. bxc3 $14) (13... Nxc3 14. Bxc3 b4 15. Bd2 Rc8 16. Qe2 a5 17. Rac1 $10) 14.
Nxd7 (14. Nxe4 dxe4 15. Nc4 Be7 16. Be2 Rc8 $15) 14... Qxd7 15. Nxe4 dxe4 16.
Bc4 Rfc8 17. b3 $10 (17. Qb3 a5 18. Bd2 Rxc4 19. Qxc4 Ba6 20. Qb3 Bxf1 21. Rxf1
Rc8 22. Rc1 $10) 1/2-1/2